000 00434 a2200109 4500
001 ART_41634
005 20260410162023.0
008 260409a
245 1 0 _aContratación de investigación y desarrollo con la universidad
100 1 _aCorrea, Carlos María
773 0 _tRevista del derecho industrial
_gContratos de investigación : Vinculación Universidad-Empresa - Año XIV, Nº 40 (ene./abr. 1992)
_wREV41547
999 _c33320
_d33320